Adult dyslexia : assessment, counselling and training

Αποθηκεύτηκε σε:
Λεπτομέρειες βιβλιογραφικής εγγραφής
Κύριος συγγραφέας: McLoughlin, David
Άλλοι συγγραφείς: Fitzgibbon, Gary, Young, Vivienne
Μορφή: Βιβλίο
Γλώσσα:English
Δημοσίευση: London : Whurr, 1994
Θέματα:
Ετικέτες: Προσθήκη ετικέτας
Δεν υπάρχουν, Καταχωρήστε ετικέτα πρώτοι!

MARC

LEADER 00000nam a2200000 i 4500
001 1/103142
008 000623s1994 eng d
020 |a 1897635354 
035 |l 10058357 
040 |a GR-MY-UA  |b gre  |e aacr 
041 0 |a eng 
082 0 |a 371.9144 
100 1 |a McLoughlin, David. 
245 1 0 |a Adult dyslexia :  |b assessment, counselling and training /  |c David McLoughlin, Gary Fitzgibbon and Vivienne Young ; consultant in dyslexia: Margaret Snowling 
260 |a London :   |b Whurr,   |c 1994 
300 |a viii, 107 p. 
504 |a Includes bibliographical references and index 
650 0 0 |a Dyslexia. 
700 1 |a Fitzgibbon, Gary. 
700 1 |a Young, Vivienne. 
852 |a INST  |b LESVOS  |e 20000623  |h 371.9144 MCL  |p 005100023292  |q 005100023292  |t BK  |y 0 
909 |a Λ  |b 074819 
922 |a 1ΕΛΗ  |b 200002  |c ΚΠΣ/ΤΚ  |d GLORY 
970 |z 2000/06/ΟΙΚΟΝΟΜΟΠΟΥΛΟΥ ΧΡΙΣΤΙΝΑ